| 000 | 00664nam a22002417a 4500 | ||
|---|---|---|---|
| 003 | UA-OsUOA | ||
| 001 | 126607 | ||
| 007 | ta | ||
| 008 | 20171031b un ||||| |||| 00| 0 ukr d | ||
| 100 | _aЧереп Т. | ||
| 090 |
_a821.161.2 _bЧ-46 |
||
| 942 | _cBK | ||
| 040 |
_aUA-OsUOA _bukr _cUA-OsUOA _dUA-OsUOA |
||
| 245 |
_aІз саду - дві стежини _bхдожньо-документальна повість |
||
| 300 | _a64 с. | ||
| 955 | _a3 | ||
| 041 | _aukr | ||
| 080 | _a821.161.2 | ||
| 020 | _a966-7665-81 | ||
| 260 |
_aК _bДІЯ _c2012 |
||
| 650 | 7 |
_a82 Література. Літературознавство _2UDC |
|
| 999 |
_c413824 _d413824 |
||